000 00305nam a2200133Ia 4500
008 240624s9999 xx 000 0 und d
041 _aeng
082 _a823 COE
100 _aCOETZEE J M
245 _aDISGRACE
260 _c2000
_aNew Delhi
_bRandom House India
300 _a224 : p.
365 _cRS
_b25
999 _c23628
_d23628